000 00825nam a2200229 a 4500
001 000023029
005 20200930021936.0
008 101124s1963 ag a r 000 0 spa d
040 _aDO-SdBNP
_bspa
_cBNPHU
082 _a808.51
_bP437h, 1963
100 1 _aPereyra Súarez, Hector,
_947378
245 1 0 _aHacia la elocuencia :
_bcómo sostener conversaciones interesante, cómo perder el temor oratorio, cómo preparar y pronunciar buenos discursos /
_cPereyra Súarez Hector.
250 _a2a ed.
260 _aBuenos Aires, (Argentina) :
_bEditorial Verdad,
_c1963.
300 _a294 p. :
_bil. ;
_c19 cm.
500 _aIncluye referencias bibliográficas
500 _aIncluye notas al pie de las páginas.
650 4 _aOratoria
_91172
650 4 _aElocución
_922191
650 4 _aExpresión
_947379
049 _aBNGR
999 _c22526
_d22526